[Event "33. ABC-Turnier 2013 - Gruppe F"]
[Site "Dortmund"]
[Date "2013.09.05"]
[Round "1.1"]
[White "Jentzsch, Werner Wilfried"]
[Black "Strotmann, Dieter"]
[Result "1-0"]
[WhiteElo "1347"]
[BlackElo "1272"]
[PlyCount "71"]
[EventDate "2013.??.??"]
[Source "Pit Schulenburg"]
[SourceDate "2013.09.05"]

1. d4 Nf6 2. c4 g6 3. Nc3 Bg7 4. e4 d6 5. f4 Bg4 6. Be2 Bxe2 7. Ngxe2 e6 8. O-O
Qd7 9. e5 dxe5 10. dxe5 Qxd1 11. Rxd1 Nfd7 12. Nb5 Na6 13. Be3 b6 14. Ned4 Bf8
15. Nc6 Bc5 16. Bxc5 Ndxc5 17. Nbxa7 O-O 18. Nb5 Kg7 19. b4 Nb7 20. Rd7 Rfc8
21. Rad1 Nb8 22. Nxb8 Rcxb8 23. Rxc7 Rxa2 24. Rdd7 Nd8 25. Nd6 Rba8 26. Nxf7
Ra1+ 27. Kf2 R8a2+ 28. Kg3 Ra3+ 29. Kg4 Nxf7 30. Rxf7+ Kg8 31. Rg7+ Kh8 32.
Rxh7+ Kg8 33. Rhd7 Ra8 34. Rg7+ Kf8 35. Rxg6 R1a2 36. Kh3 {Diagramm #} 1-0

[Event "33. ABC-Turnier 2013 - Gruppe F"]
[Site "Dortmund"]
[Date "2013.09.05"]
[Round "1.1"]
[White "Oehmke, Bernd"]
[Black "Kirmes, Hans-Uwe"]
[Result "1/2-1/2"]
[WhiteElo "1346"]
[BlackElo "1288"]
[PlyCount "56"]
[EventDate "2013.??.??"]
[Source "Pit Schulenburg"]
[SourceDate "2013.09.05"]

1. Nc3 Nc6 2. e4 e5 3. Nf3 Bc5 4. Na4 Bb6 5. Nxb6 axb6 6. Bb5 d6 7. d4 Bd7 8.
dxe5 Nxe5 9. Bxd7+ Nxd7 10. O-O Ngf6 11. Re1 O-O 12. Bg5 Re8 13. Qd4 Re6 14. e5
dxe5 15. Nxe5 Rd6 16. Qc4 Nxe5 17. Rxe5 Rd1+ 18. Rxd1 Qxd1+ 19. Qf1 Qxc2 20.
Bxf6 gxf6 21. Re2 Qc6 22. b3 Re8 23. Rxe8+ Qxe8 24. g3 Qc6 25. Qd1 Qe6 26. Qd8+
Kg7 27. Qxc7 Qc6 28. Qf4 Qe6 {Diagramm # (=)} 1/2-1/2

[Event "33. ABC-Turnier 2013 - Gruppe F"]
[Site "Dortmund"]
[Date "2013.09.19"]
[Round "1.2"]
[White "Weih, Kurt"]
[Black "Kirmes, Hans-Uwe"]
[Result "1/2-1/2"]
[WhiteElo "1335"]
[BlackElo "1288"]
[PlyCount "113"]
[EventDate "2013.??.??"]
[Source "Pit Schulenburg"]
[SourceDate "2013.09.05"]

1. Nf3 c5 2. g3 Nc6 3. Bg2 e6 4. b3 Nf6 5. Bb2 Be7 6. O-O d5 7. d3 O-O 8. Nbd2
Qc7 9. Re1 b6 10. e4 d4 11. Rc1 Bb7 12. Nc4 e5 13. Qd2 Rad8 14. Qe2 Rfe8 15.
Qf1 b5 16. Na3 a6 17. Nb1 b4 18. a3 a5 19. a4 Na7 20. Nbd2 Ba6 21. Re2 h6 22.
Ne1 Bd6 23. f3 Nc8 24. Rf2 Nh5 25. Bh1 Qe7 26. Qh3 Qg5 27. Rg2 Nf6 28. f4 Qg4
29. Qxg4 Nxg4 30. fxe5 Bxe5 31. Nef3 Bf6 32. Nf1 Ne5 33. N1d2 Ne7 34. Rf2 Ng4
35. Re2 Ne3 36. Nf1 Ng4 37. Rce1 Nc6 38. Bc1 Nge5 39. Bf4 Nxf3+ 40. Bxf3 Be5
41. Bxe5 Nxe5 42. Bh1 Bc8 43. Nd2 Bg4 44. Rf2 Bh3 45. Bg2 Be6 46. h3 Rf8 47.
Ref1 f6 48. Kh2 Rd7 49. Nf3 Rdf7 50. Nxe5 fxe5 51. Rxf7 Rxf7 52. Rxf7 Kxf7 53.
g4 Kg6 (53... c4 $3 {Schulenburg}) 54. Kg3 Kg5 55. Bf3 g6 56. h4+ Kf6 57. Bd1 {
Diagramm #} 1/2-1/2

[Event "33. ABC-Turnier 2013 - Gruppe F"]
[Site "Dortmund"]
[Date "2013.09.19"]
[Round "1.2"]
[White "Strotmann, Dieter"]
[Black "Oehmke, Bernd"]
[Result "1/2-1/2"]
[WhiteElo "1272"]
[BlackElo "1346"]
[PlyCount "40"]
[EventDate "2013.??.??"]
[Source "Pit Schulenburg"]
[SourceDate "2013.09.05"]

1. Nf3 Nf6 2. g3 g6 3. Bg2 Bg7 4. d4 d5 5. O-O O-O 6. b3 b6 7. Nbd2 Nbd7 8. Bb2
Bb7 9. c4 dxc4 10. bxc4 e6 11. Re1 c5 12. e3 Ne4 13. Qc2 Nxd2 14. Qxd2 Qc7 15.
Rad1 Nf6 16. Qc1 Rac8 17. dxc5 bxc5 18. Be5 Qa5 19. Qb2 Bxf3 20. Bxf3 Ne8 {
Diagramm # (=)} 1/2-1/2

[Event "33. ABC-Turnier 2013 - Gruppe F"]
[Site "Dortmund"]
[Date "2013.09.19"]
[Round "1.2"]
[White "Herrmann, Rudolf"]
[Black "Jentzsch, Werner Wilfried"]
[Result "1-0"]
[WhiteElo "1357"]
[BlackElo "1347"]
[PlyCount "43"]
[EventDate "2013.??.??"]
[Source "Pit Schulenburg"]
[SourceDate "2013.09.05"]

1. d4 d5 2. Nf3 Nf6 3. c4 Nc6 4. Nc3 e6 5. e3 Be7 6. Be2 a6 7. O-O b6 8. a3 Bb7
9. Qc2 Na5 10. cxd5 Nxd5 11. b4 Nxc3 12. Qxc3 Nc6 13. b5 Nb8 14. Ne5 Nd7 15.
bxa6 Bxa6 16. Bxa6 Rxa6 17. Qc6 f6 18. Nf3 O-O 19. Qxe6+ Kh8 20. Bb2 Re8 21.
Qc4 Bd6 22. Qxa6 {Diagramm #} 1-0

[Event "33. ABC-Turnier 2013 - Gruppe F"]
[Site "Dortmund"]
[Date "2013.10.10"]
[Round "1.3"]
[White "Jentzsch, Werner Wilfried"]
[Black "Weih, Kurt"]
[Result "0-1"]
[WhiteElo "1347"]
[BlackElo "1335"]
[PlyCount "118"]
[EventDate "2013.??.??"]
[Source "Pit Schulenburg"]
[SourceDate "2013.09.05"]

1. d4 c6 2. e4 d5 3. e5 Bf5 4. Bd3 Bxd3 5. Qxd3 e6 6. Nf3 c5 7. Qb5+ Qd7 8.
Qxd7+ Nxd7 9. c3 h6 10. O-O O-O-O 11. Bf4 g5 12. Bg3 Ne7 13. h3 Nf5 14. Bh2 Nb6
15. Na3 a6 16. Nc2 Nc4 17. b3 Nb6 18. Rac1 Be7 19. Ne3 Ng7 20. Ng4 c4 21. Nf6
Nd7 22. Ng4 h5 23. Ne3 Rdg8 24. bxc4 dxc4 25. Nxc4 g4 26. Nfd2 gxh3 27. gxh3
Nf5+ 28. Kh1 Rd8 29. Ne4 Rhg8 30. Ncd6+ Nxd6 31. Nxd6+ Bxd6 32. exd6 Rg5 33.
Rg1 Rdg8 34. Rxg5 Rxg5 35. Rg1 Rxg1+ 36. Kxg1 b5 37. Bf4 Nf6 38. f3 Nd5 39. Bd2
Kd7 40. Kg2 Kxd6 41. Kg3 Ke7 42. Kh4 Kf8 43. Kxh5 Kg7 44. Kg4 f6 45. h4 Nb6 46.
f4 Nc4 47. Bc1 Nd6 48. h5 Ne4 49. Bb2 f5+ 50. Kh4 Kh6 51. a4 Nf6 52. axb5 axb5
53. c4 bxc4 54. d5 Nxd5 55. Be5 c3 56. Kg3 c2 57. Bb2 Kxh5 58. Kf3 Nb4 59. Bc1
Na2 0-1

[Event "33. ABC-Turnier 2013 - Gruppe F"]
[Site "Dortmund"]
[Date "2013.09.30"]
[Round "1.3"]
[White "Oehmke, Bernd"]
[Black "Herrmann, Rudolf"]
[Result "1/2-1/2"]
[WhiteElo "1346"]
[BlackElo "1357"]
[PlyCount "67"]
[EventDate "2013.??.??"]
[Source "Pit Schulenburg"]
[SourceDate "2013.09.05"]

1. Nc3 d5 2. d4 Nf6 3. Bg5 e6 4. e4 Be7 5. exd5 Nxd5 6. Bxe7 Nxe7 7. Nf3 O-O 8.
g3 Nf5 9. Bg2 Nc6 10. Ne2 Re8 11. O-O b6 12. Ne5 Nxe5 13. Bxa8 Ba6 14. dxe5
Qxa8 15. Re1 Rd8 16. Qc1 c5 (16... Bxe2 $1 17. Rxe2 Nd4 18. Re3 Nf3+ 19. Kf1 (
19. Kh1 Rd2 $1 20. Qf1 Ne1+ 21. Kg1 Nxc2) 19... Nxh2+ 20. Ke2 Ng4 21. Rd3 Qe4+
22. Qe3 (22. Kf1 Nh2+ 23. Kg1 Nf3+ 24. Kf1 Nd4 25. Kg1 Ne2+ 26. Kh2 Qxd3 $19)
22... Qc4 23. Kd2 Qb4+ 24. Kc1 Rxd3 25. Qxd3 Qe1+ 26. Qd1 Qxd1+ 27. Kxd1 Nxe5 {
mit unklarer Stellung}) 17. Qf4 Ne7 (17... Bxe2 $1 18. Rxe2 Rd4 19. Qc1 Nh4 20.
gxh4 $4 Rg4+ 21. Kf1 Qh1#) 18. Nc3 $16 Qc6 19. Rad1 Rxd1 20. Rxd1 Nd5 21. Nxd5
exd5 22. Qf3 Bb7 23. c4 h6 24. cxd5 Qa4 25. Qb3 Qe4 26. Qe3 Qg4 27. f3 Qd7 28.
Qd3 a6 29. e6 fxe6 30. dxe6 Qxe6 31. Qd8+ Kh7 32. Qd3+ Kh8 33. Qd8+ Kh7 34.
Qd3+ 1/2-1/2

[Event "33. ABC-Turnier 2013 - Gruppe F"]
[Site "Dortmund"]
[Date "2013.11.14"]
[Round "1.3"]
[White "Kirmes, Hans-Uwe"]
[Black "Strotmann, Dieter"]
[Result "1-0"]
[WhiteElo "1288"]
[BlackElo "1272"]
[PlyCount "59"]
[EventDate "2013.??.??"]
[Source "Pit Schulenburg"]
[SourceDate "2013.09.05"]

1. e4 d6 2. Nc3 Nf6 3. f4 g6 4. Bc4 e6 5. d3 Nbd7 6. a3 a6 7. Ba2 Nb6 8. Nf3
Bg7 9. O-O Bd7 10. Qe1 O-O 11. h3 c6 12. g4 h5 13. g5 Nh7 14. h4 Kh8 15. Rb1
Qc8 16. Be3 Qc7 17. d4 Rae8 18. Rd1 f5 19. e5 Nd5 20. exd6 Qxd6 21. Ne5 Bxe5
22. dxe5 Qc7 23. Bc5 Rg8 24. Bd6 Qb6+ 25. Kh1 Ne3 26. Qf2 c5 27. Qxe3 Bc6+ 28.
Kg1 Qxb2 29. Bxc5 Qxc2 30. Rd2 1-0

[Event "33. ABC-Turnier 2013 - Gruppe F"]
[Site "Dortmund"]
[Date "2013.10.17"]
[Round "1.4"]
[White "Weih, Kurt"]
[Black "Strotmann, Dieter"]
[Result "1-0"]
[WhiteElo "1335"]
[BlackElo "1272"]
[PlyCount "59"]
[EventDate "2013.??.??"]
[Source "Pit Schulenburg"]
[SourceDate "2013.09.05"]

1. e4 d6 2. d4 Nf6 3. Nc3 g6 4. Nf3 Bg7 5. Bc4 O-O 6. O-O Nbd7 7. Bg5 a6 8. a4
Nb6 9. Bb3 Bg4 10. a5 Nbd7 11. h3 Bxf3 12. Qxf3 e5 13. Rad1 exd4 14. Rxd4 Ne5
15. Qf4 Nh5 16. Qe3 Bf6 17. f4 Nc6 18. Rd5 Qb8 19. g4 Bxg5 20. gxh5 Bf6 21. Qg3
Kg7 22. Kh2 Qd8 23. Rg1 Bh4 24. Qg4 Qf6 25. e5 dxe5 26. Ne4 Qxf4+ 27. Qxf4 exf4
28. Rg4 f5 29. Rd7+ Rf7 30. Rxf7+ 1-0

[Event "33. ABC-Turnier 2013 - Gruppe F"]
[Site "Dortmund"]
[Date "2013.10.17"]
[Round "1.4"]
[White "Herrmann, Rudolf"]
[Black "Kirmes, Hans-Uwe"]
[Result "0-1"]
[WhiteElo "1357"]
[BlackElo "1288"]
[PlyCount "84"]
[EventDate "2013.??.??"]
[Source "Pit Schulenburg"]
[SourceDate "2013.09.05"]

1. d4 d5 2. Nf3 e6 3. c4 c6 4. a4 Nf6 5. Nc3 Bb4 6. e3 Ne4 7. Qc2 h6 8. Be2 O-O
9. O-O Bxc3 10. bxc3 Nd7 11. cxd5 exd5 12. c4 Ndf6 13. Ba3 Re8 14. Ne5 Be6 15.
Bf3 Bf5 16. cxd5 cxd5 17. Bxe4 Bxe4 18. Qb2 Rb8 19. Rac1 Nd7 20. f3 Nxe5 21.
dxe5 Bd3 22. Rfe1 Ba6 23. Bc5 b6 24. Bd4 Qd7 25. Ra1 Bc4 26. Qf2 a6 27. f4 Bd3
28. Qg3 Be4 29. h3 Re6 30. Qf2 Rg6 31. g4 Rxg4+ 32. hxg4 Qxg4+ 33. Kh2 Qh5+ 34.
Kg3 Qg6+ 35. Kh4 Qf5 36. Qg3 g6 37. Qg4 g5+ 38. fxg5 Qf2+ 39. Qg3 hxg5+ 40.
Kxg5 Qxg3+ 41. Kf6 Qg6+ 42. Ke7 Qe6# 0-1

[Event "33. ABC-Turnier 2013 - Gruppe F"]
[Site "Dortmund"]
[Date "2013.10.17"]
[Round "1.4"]
[White "Jentzsch, Werner Wilfried"]
[Black "Oehmke, Bernd"]
[Result "1-0"]
[WhiteElo "1347"]
[BlackElo "1346"]
[PlyCount "73"]
[EventDate "2013.??.??"]
[Source "Pit Schulenburg"]
[SourceDate "2013.09.05"]

1. d4 c5 2. d5 Nf6 3. c4 g6 4. Nc3 Bg7 5. e4 d6 6. f4 a6 7. Nf3 e6 8. Bd3 exd5
9. exd5 Qe7+ 10. Qe2 Qxe2+ 11. Nxe2 Bd7 12. Rb1 b5 13. b3 b4 14. a3 a5 15. Ng3
Na6 16. O-O O-O 17. a4 Nc7 18. f5 Ng4 19. Bf4 Ne8 20. h3 Ne5 21. Nxe5 Bxe5 22.
Bxe5 dxe5 23. Rbe1 f6 24. fxg6 hxg6 25. Bxg6 Kg7 26. Bf5 Bxf5 27. Nxf5+ Kf7 28.
Ng3 Ke7 29. Ne4 f5 30. Nxc5 Kd6 31. Ne4+ Kc7 32. Ng5 Kd6 33. Nf3 e4 34. Nd2 Ng7
{(=)} 35. Kh2 Rg8 36. Rf4 Nh5 37. Rxf5 1-0

[Event "33. ABC-Turnier 2013 - Gruppe F"]
[Site "Dortmund"]
[Date "2013.10.24"]
[Round "1.5"]
[White "Oehmke, Bernd"]
[Black "Weih, Kurt"]
[Result "1-0"]
[WhiteElo "1346"]
[BlackElo "1335"]
[PlyCount "101"]
[EventDate "2013.??.??"]
[Source "Pit Schulenburg"]
[SourceDate "2013.09.05"]

1. e4 c5 2. Nf3 e6 3. c3 a6 4. g3 Nc6 5. Bg2 d6 6. O-O Nf6 7. Re1 Nd7 8. d3 Be7
9. Qc2 O-O 10. b3 Nde5 11. Nxe5 Nxe5 12. Nd2 f5 13. exf5 Rxf5 14. f4 Ng4 15.
Bh3 h5 16. Ne4 Rf7 17. Bxg4 hxg4 18. Nf2 e5 19. fxe5 dxe5 20. Rxe5 Bd6 21. Re2
Qc7 22. Ne4 Be5 23. Be3 Bf5 24. Bf2 Rd8 25. Nxc5 Bd6 26. Ne6 Bxe6 27. Rxe6 Rdf8
28. Re2 Rf3 29. Rae1 Qc6 30. Bd4 Qd7 31. Rf2 Qf5 32. Ref1 Qxd3 33. Qxd3 Rxd3
34. Rxf8+ Bxf8 35. Rf4 Rd1+ 36. Kg2 Rd2+ 37. Rf2 Rd3 38. Re2 Ba3 39. Kf2 Rf3+
40. Ke1 Rd3 41. Re4 Bc1 42. Rxg4 Bh6 43. Re4 Kf7 44. Re2 Rf3 45. Rf2 Rxf2 46.
Kxf2 Ke6 47. Be3 g5 48. h4 Kf5 49. Bxg5 Bxg5 50. hxg5 Kxg5 51. Kf3 1-0

[Event "33. ABC-Turnier 2013 - Gruppe F"]
[Site "Dortmund"]
[Date "2013.10.24"]
[Round "1.5"]
[White "Kirmes, Hans-Uwe"]
[Black "Jentzsch, Werner Wilfried"]
[Result "1/2-1/2"]
[WhiteElo "1288"]
[BlackElo "1347"]
[PlyCount "61"]
[EventDate "2013.??.??"]
[Source "Pit Schulenburg"]
[SourceDate "2013.09.05"]

1. e4 c5 2. Nc3 Nc6 3. f4 e5 4. Nd5 exf4 5. Nxf4 Bd6 6. d3 Qh4+ 7. g3 Qd8 8.
Nf3 Ne5 9. Nd5 Nxf3+ 10. Qxf3 Be5 11. Bh3 Nf6 12. Bg5 Bxb2 13. Rb1 Be5 14. O-O
b6 15. Bxf6 Bxf6 16. Nxf6+ Qxf6 17. Qxf6 gxf6 18. Rxf6 Ke7 19. Rbf1 Rf8 20. Rh6
Rh8 21. Bf5 Ba6 22. Rf4 c4 23. d4 Rag8 24. c3 Rg5 25. e5 Bb7 26. Rxh7 Rxh7 27.
Bxh7 Rh5 28. Bg8 Bd5 29. Rh4 Rf5 30. Rf4 Rh5 31. Rh4 {(=)} 1/2-1/2

[Event "33. ABC-Turnier 2013 - Gruppe F"]
[Site "Dortmund"]
[Date "2013.10.24"]
[Round "1.5"]
[White "Strotmann, Dieter"]
[Black "Herrmann, Rudolf"]
[Result "0-1"]
[WhiteElo "1272"]
[BlackElo "1357"]
[PlyCount "116"]
[EventDate "2013.??.??"]
[Source "Pit Schulenburg"]
[SourceDate "2013.09.05"]

1. Nf3 d5 2. d4 Bf5 3. g3 Nf6 4. Bg2 e6 5. Nc3 Be7 6. O-O O-O 7. Nh4 Bg4 8. h3
Bh5 9. Nf3 c5 10. b3 Nc6 11. Be3 cxd4 12. Nxd4 a6 13. Nxc6 bxc6 14. Na4 Bg6 15.
a3 a5 16. Bc5 Ne4 17. Bxe7 Qxe7 18. Nb2 Rfd8 19. Nd3 Nc3 20. Qe1 Bxd3 21. cxd3
Nb5 22. b4 Nd4 23. Ra2 axb4 24. Rb2 bxa3 25. Ra2 h5 26. e3 Nb5 27. d4 Ra4 28.
Bf3 g6 29. Bd1 Rb4 30. Qd2 Rc8 31. Be2 Rb3 32. Rc1 Qb7 33. Bd1 Rb2 34. Rxb2
axb2 35. Qxb2 Qd7 36. Ba4 Rc7 37. Qc2 Na7 38. Qc5 e5 39. dxe5 Qxh3 40. Qd6 Qd7
41. Qxd7 Rxd7 42. Bxc6 Nxc6 43. Rxc6 Re7 44. f4 Rd7 45. Rd6 Rxd6 46. exd6 Kf8
47. Kf2 Ke8 48. Kf3 Kd7 49. e4 Kxd6 50. e5+ Kc5 51. Ke3 Kc4 52. Kd2 Kd4 53. Ke2
Kc3 54. Kd1 d4 55. Kc1 Kd3 56. Kd1 Ke3 57. Ke1 d3 58. Kd1 d2 0-1

[Event "33. ABC-Turnier 2013 - Gruppe F"]
[Site "Dortmund"]
[Date "2013.11.07"]
[Round "2.1"]
[White "Weih, Kurt"]
[Black "Herrmann, Rudolf"]
[Result "1-0"]
[WhiteElo "1335"]
[BlackElo "1357"]
[PlyCount "69"]
[EventDate "2013.??.??"]
[Source "Pit Schulenburg"]
[SourceDate "2013.09.05"]

1. e4 d5 2. e5 Bf5 3. d4 e6 4. Nc3 Bb4 5. Nge2 a6 6. Ng3 Bxc3+ 7. bxc3 Bg6 8.
Ba3 Ne7 9. Bd3 Bxd3 10. cxd3 O-O 11. O-O Re8 12. f4 Nd7 13. f5 exf5 14. Nxf5 c5
15. Nd6 b6 16. Nxe8 Qxe8 17. Qh5 Ng6 18. Rae1 Qe6 19. Rf3 f6 20. Qf5 Re8 21.
Ref1 fxe5 22. Qf7+ Qxf7 23. Rxf7 Rd8 24. dxc5 bxc5 25. g3 d4 26. cxd4 exd4 27.
h4 Nge5 28. Re7 h6 29. Kg2 a5 30. Rf5 Rf8 31. Rxf8+ Kxf8 32. Re6 Nxd3 33. Rd6
Ke7 34. Rxd4 Ke6 35. Rxd3 1-0

[Event "33. ABC-Turnier 2013 - Gruppe F"]
[Site "Dortmund"]
[Date "2013.11.07"]
[Round "2.1"]
[White "Strotmann, Dieter"]
[Black "Jentzsch, Werner Wilfried"]
[Result "1-0"]
[WhiteElo "1272"]
[BlackElo "1347"]
[PlyCount "46"]
[EventDate "2013.??.??"]
[Source "Pit Schulenburg"]
[SourceDate "2013.09.05"]

1. Nf3 c5 2. g3 d5 3. Bg2 Nc6 4. b3 e5 5. d3 Nf6 6. Bb2 Bd6 7. O-O h6 8. Re1
Be6 9. e4 d4 10. Nbd2 b5 11. a3 Qd7 12. Kh1 Bg4 13. Rf1 h5 14. Qe1 Ke7 15. Bc1
Rag8 16. Ng1 h4 17. f3 hxg3 18. Qxg3 Nh5 19. Qf2 Be6 20. Ne2 Nf4 21. Re1 Bh3
22. Nxf4 exf4 23. e5 Nxe5 {
und Schwarz ueberschritt mit seinem letzten Zug die Zeit.} 1-0

[Event "33. ABC-Turnier 2013 - Gruppe F"]
[Site "Dortmund"]
[Date "2013.11.07"]
[Round "2.1"]
[White "Kirmes, Hans-Uwe"]
[Black "Oehmke, Bernd"]
[Result "1/2-1/2"]
[WhiteElo "1288"]
[BlackElo "1346"]
[PlyCount "78"]
[EventDate "2013.??.??"]
[Source "Pit Schulenburg"]
[SourceDate "2013.09.05"]

1. e4 d5 2. exd5 Qxd5 3. Nc3 Qa5 4. Bc4 Nf6 5. d3 c6 6. Bd2 Qc7 7. Nf3 Bg4 8.
h3 Bh5 9. g4 Bg6 10. Qe2 Nbd7 11. O-O-O O-O-O 12. Nh4 e6 13. Rde1 Nb6 14. Bb3
Bb4 15. a3 Bd6 16. Ng2 Nbd5 17. Nxd5 Nxd5 18. Bxd5 cxd5 19. Bc3 Rhg8 20. Qe3
Bc5 21. Bd4 Bxd4 22. Qxd4 Qb6 23. Qxb6 axb6 24. Nf4 Rd6 25. h4 h6 26. Nxg6 fxg6
27. g5 Rf8 28. Re2 Rf4 29. Rh2 h5 30. Re5 Rf5 31. d4 b5 32. c3 Rxe5 33. dxe5
Rc6 34. Kd2 Rc4 35. f3 d4 36. cxd4 Rxd4+ 37. Ke3 Rc4 38. f4 b4 39. axb4 Rxb4
1/2-1/2

[Event "33. ABC-Turnier 2013 - Gruppe F"]
[Site "Dortmund"]
[Date "2013.12.05"]
[Round "2.2"]
[White "Kirmes, Hans-Uwe"]
[Black "Weih, Kurt"]
[Result "0-1"]
[WhiteElo "1288"]
[BlackElo "1335"]
[PlyCount "76"]
[EventDate "2013.??.??"]
[Source "Pit Schulenburg"]
[SourceDate "2013.09.05"]

1. e4 c5 2. Nc3 e6 3. f4 d5 4. e5 d4 5. Ne4 a6 6. Nf3 Nc6 7. a3 Qd5 8. Qe2 Nge7
9. Nd6+ Kd7 10. Nxf7 Rg8 11. Nd6 Ng6 12. Nxc8 Rxc8 13. g3 Kc7 14. Bg2 Qd8 15.
Ng5 Qe7 16. Nxh7 Nxf4 17. Qf3 Nxg2+ 18. Qxg2 Nxe5 19. d3 g5 20. Nxf8 Rcxf8 21.
Rf1 Rxf1+ 22. Qxf1 Rf8 23. Qg2 Nf3+ 24. Ke2 e5 25. Bd2 e4 26. Rf1 exd3+ 27. Kd1
dxc2+ 28. Kxc2 d3+ 29. Kc1 Qe2 30. Qf2 Qxf2 31. Rxf2 g4 32. Bf4+ Kc6 33. h3 d2+
34. Bxd2 gxh3 35. Bf4 h2 36. Rxh2 Nxh2 37. Kc2 Kd5 38. b3 Kd4 0-1

[Event "33. ABC-Turnier 2013 - Gruppe F"]
[Site "Dortmund"]
[Date "2013.11.21"]
[Round "2.2"]
[White "Oehmke, Bernd"]
[Black "Strotmann, Dieter"]
[Result "1/2-1/2"]
[WhiteElo "1346"]
[BlackElo "1272"]
[PlyCount "31"]
[EventDate "2013.??.??"]
[Source "Pit Schulenburg"]
[SourceDate "2013.09.05"]

1. b3 d5 2. Bb2 Nc6 3. g3 e5 4. Bg2 Nf6 5. e3 Be7 6. Ne2 O-O 7. O-O Bf5 8. d3
h6 9. Nd2 Qd7 10. a3 Bh3 11. Nf3 Bxg2 12. Kxg2 Bd6 13. Nc3 Rfe8 14. h3 Ne7 15.
e4 d4 16. Ne2 1/2-1/2

[Event "33. ABC-Turnier 2013 - Gruppe F"]
[Site "Dortmund"]
[Date "2013.11.21"]
[Round "2.2"]
[White "Jentzsch, Werner Wilfried"]
[Black "Herrmann, Rudolf"]
[Result "0-1"]
[WhiteElo "1347"]
[BlackElo "1357"]
[PlyCount "96"]
[EventDate "2013.??.??"]
[Source "Pit Schulenburg"]
[SourceDate "2013.09.05"]

1. d4 d5 2. Nc3 Nf6 3. Bf4 a6 4. Nf3 Bf5 5. e3 e6 6. Bd3 Bg6 7. Bxg6 hxg6 8.
Bg5 Be7 9. Rb1 Nc6 10. a3 Ng4 11. Bf4 Bd6 12. Ne2 Bxf4 13. Nxf4 Qe7 14. Nh3
O-O-O 15. Nfg5 Nh6 16. b4 Na7 17. O-O f6 18. Nf3 e5 19. dxe5 fxe5 20. Nfg5 Nb5
21. Rb3 c5 22. bxc5 Na7 23. Qb1 Nc6 24. c3 Rd7 25. Qxg6 Qxc5 26. Rfb1 Kb8 27.
Qd3 Ka7 28. Nf3 e4 29. Qc2 exf3 30. gxf3 Ne5 31. Ng5 Nhf7 32. Ne6 Qc6 33. Nf4
Qh6 34. Nxd5 Qxh2+ 35. Kf1 Nxf3 36. Rxb7+ Rxb7 37. Rxb7+ Kxb7 38. Qb3+ Kc6 39.
Qc4+ Kd6 40. Qc7+ Kxd5 41. Qxf7+ Kc5 42. Qxf3 Qh1+ 43. Qxh1 Rxh1+ 44. Ke2 Kc4
45. Kd2 a5 46. e4 a4 47. e5 Rh6 48. f4 Re6 0-1

[Event "33. ABC-Turnier 2013 - Gruppe F"]
[Site "Dortmund"]
[Date "2013.11.28"]
[Round "2.3"]
[White "Weih, Kurt"]
[Black "Jentzsch, Werner Wilfried"]
[Result "0-1"]
[WhiteElo "1335"]
[BlackElo "1347"]
[PlyCount "82"]
[EventDate "2013.??.??"]
[Source "Pit Schulenburg"]
[SourceDate "2013.09.05"]

1. d4 d5 2. c4 c6 3. Nc3 Nd7 4. Nf3 Qc7 5. cxd5 cxd5 6. Nxd5 Qa5+ 7. Nc3 Ngf6
8. Bd2 Qb6 9. Qc2 e6 10. a3 Bd6 11. e4 e5 12. Be3 Ng4 13. Nd5 Nxe3 14. fxe3
Qa5+ 15. Nd2 O-O 16. b4 Qd8 17. Bc4 exd4 18. exd4 Qh4+ 19. Kf1 Qd8 20. e5 Bb8
21. Bb3 Nb6 22. Nxb6 Qxb6 23. Qc5 Qh6 24. Nf3 Be6 25. d5 Rc8 26. Qe7 Bg4 27. d6
Bxd6 28. Qxf7+ Kh8 29. exd6 Qxd6 30. Rd1 Qa6+ 31. Kf2 Qxa3 32. Rhe1 Qxb4 33.
Re7 Qc3 34. Rde1 Rf8 35. Qd5 Bxf3 36. gxf3 Qb2+ 37. R1e2 Qf6 38. Rxb7 Rad8 39.
Qh5 Qd4+ 40. Kg2 Qd3 41. Qb5 $4 Qxf3+ 0-1

[Event "33. ABC-Turnier 2013 - Gruppe F"]
[Site "Dortmund"]
[Date "2013.11.24"]
[Round "2.3"]
[White "Herrmann, Rudolf"]
[Black "Oehmke, Bernd"]
[Result "1/2-1/2"]
[WhiteElo "1357"]
[BlackElo "1346"]
[PlyCount "62"]
[EventDate "2013.??.??"]
[Source "Pit Schulenburg"]
[SourceDate "2013.09.05"]

1. d4 d5 2. Nf3 c5 3. c4 dxc4 4. Nc3 cxd4 5. Nxd4 Qa5 6. e3 Nf6 7. Bxc4 e6 8.
O-O Be7 9. Bb5+ Nbd7 10. Bd2 O-O 11. Qa4 (11. Nd5 Qd8 12. Nxe7+ Qxe7 $14) 11...
Qxa4 12. Bxa4 a6 13. Rfd1 Ne5 14. Bc2 Bb4 15. Ne4 Bxd2 16. Nxd2 Bd7 17. b3 Nc6
18. Ne4 Nd5 19. a3 Nxd4 20. Rxd4 Rac8 21. Bd3 Rc6 22. Rc4 Rfc8 23. Rac1 Rxc4
24. Rxc4 Rxc4 25. Bxc4 Bc6 26. Nd2 Nc3 27. h4 Bb5 28. g4 Bxc4 29. Nxc4 b5 30.
Nd2 a5 31. a4 bxa4 {(=)} 1/2-1/2

[Event "33. ABC-Turnier 2013 - Gruppe F"]
[Site "Dortmund"]
[Date "2013.11.28"]
[Round "2.3"]
[White "Strotmann, Dieter"]
[Black "Kirmes, Hans-Uwe"]
[Result "1-0"]
[WhiteElo "1272"]
[BlackElo "1288"]
[PlyCount "63"]
[EventDate "2013.??.??"]
[Source "Pit Schulenburg"]
[SourceDate "2013.09.05"]

1. d4 d5 2. Nf3 Nc6 3. Nc3 Nf6 4. Bg5 e6 5. e4 Be7 6. e5 Nd7 7. Bxe7 Nxe7 8.
Qd2 h6 9. Be2 O-O 10. g4 c5 11. h4 cxd4 12. Qxd4 Qb6 13. Qxb6 Nxb6 14. b3 Bd7
15. O-O-O Rac8 16. Nb5 Bxb5 17. Bxb5 Rc3 18. Rd3 Rfc8 19. Rxc3 Rxc3 20. Nd4 a6
21. Bd3 Ng6 22. Nxe6 Nxh4 23. Nxg7 Nf3 24. Nf5 Nxe5 25. Nxh6+ Kf8 26. Bf5 Rf3
27. Re1 Nc6 28. Re2 Kg7 29. g5 Nd4 30. Re5 Rxf2 31. Bd3 Nc6 32. Re8 1-0

[Event "33. ABC-Turnier 2013 - Gruppe F"]
[Site "Dortmund"]
[Date "2013.12.12"]
[Round "2.4"]
[White "Strotmann, Dieter"]
[Black "Weih, Kurt"]
[Result "1-0"]
[WhiteElo "1272"]
[BlackElo "1335"]
[PlyCount "119"]
[EventDate "2013.??.??"]
[Source "Pit Schulenburg"]
[SourceDate "2013.09.05"]

1. d4 Nf6 2. Nc3 d5 3. Bg5 e6 4. e4 dxe4 5. Nxe4 Be7 6. Nxf6+ gxf6 7. Bf4 Nc6
8. Nf3 Rg8 9. Bg3 Bd6 10. Qd3 Rg7 11. a3 Qe7 12. O-O-O Bd7 13. d5 exd5 14. Qxd5
Be6 15. Qd2 O-O-O 16. Qe3 f5 17. Bxd6 Rxd6 18. Rxd6 Qxd6 19. g3 Qd5 20. b3 Qd6
21. Kb2 Rg8 22. Bb5 Kb8 23. Qc3 Qd5 24. Bxc6 bxc6 25. Re1 Rd8 26. Ne5 Rd6 27.
Nd3 Qd4 28. Qxd4 Rxd4 29. Nc5 Rd6 30. a4 Kc8 31. Nd3 Kd7 32. Re5 Rd5 33. Re3
Kd6 34. f4 f6 35. c4 Rd4 36. Kc3 Re4 37. Kd2 a5 38. Nf2 Rxe3 39. Kxe3 Kc5 40.
Nd3+ Kd6 41. Kd4 Bf7 42. Nc5 Bh5 43. Nb7+ Kd7 44. Nxa5 Kd6 45. c5+ Kd7 46. b4
Be2 47. Nc4 Kc8 48. b5 Kb7 49. Na5+ Ka7 50. Nxc6+ Kb7 51. Kc3 Bf3 52. Na5+ Kc8
53. c6 Bd1 54. Kb4 Be2 55. Nb7 Bf3 56. a5 Kb8 57. Kc5 Ka7 58. b6+ cxb6+ 59.
axb6+ Kb8 60. Nd6 1-0

[Event "33. ABC-Turnier 2013 - Gruppe F"]
[Site "Dortmund"]
[Date "2013.12.12"]
[Round "2.4"]
[White "Kirmes, Hans-Uwe"]
[Black "Herrmann, Rudolf"]
[Result "1/2-1/2"]
[WhiteElo "1288"]
[BlackElo "1357"]
[PlyCount "116"]
[EventDate "2013.??.??"]
[Source "Pit Schulenburg"]
[SourceDate "2013.09.05"]

1. e4 d5 2. exd5 Qxd5 3. Nc3 Qd8 4. d4 c6 5. Be2 Nf6 6. Nf3 Bf5 7. O-O e6 8. a3
Be7 9. Re1 Nbd7 10. Bc4 O-O 11. Bf4 Nd5 12. Nxd5 cxd5 13. Bb3 b5 14. Rc1 Re8
15. Re3 a6 16. Qe1 Be4 17. Nd2 Nf6 18. Nxe4 Nxe4 19. f3 Nf6 20. c3 Bd6 21. Bxd6
Qxd6 22. Rc2 h6 23. Rce2 Rac8 24. Re5 Nd7 25. Rxd5 exd5 26. Rxe8+ Rxe8 27.
Qxe8+ Nf8 28. Qe5 Qg6 29. Qe1 Qd6 30. Bc2 g6 31. Qe5 Qe6 32. Qxe6 fxe6 33. f4
Kg7 34. Kf2 Kf6 35. Kf3 Nd7 36. a4 Nb6 37. axb5 axb5 38. b3 Na8 39. Bd3 Nc7 40.
g4 g5 41. h3 Kf7 42. f5 Kf6 43. fxe6 Kxe6 44. Kg3 Kf6 45. Kf2 Ke6 46. Ke3 Kd6
47. c4 b4 48. c5+ Kc6 49. Bg6 Ne6 50. Be8+ Kc7 51. Bb5 Nf4 52. Bf1 Kc6 53. h4
Ne6 54. h5 Nf4 55. Be2 Ng2+ ({Schwarz haette auch auf e2 tauschen koennen:} 
55... Nxe2 56. Kxe2 {Es gibt fuer Weiss so oder so kein Durchkommen}) 56. Kd2
Nf4 57. Bf3 Kc7 58. Ke3 Kc6 1/2-1/2